000
00201 a2200097 4500
001
4653
100
_a
Judge,A.W
245
_a
Carburettors fuel systems
260
_a
_b
Chapman
_c
090
_c
3847
_d
3847
942
_a
NUST-CAE
_c
M
_c
30097
999
_c
239726
_d
239726